Music Theory A-Z - Statistics

General Stats
  • This quiz has been taken 395 times
    383 since last reset
  • The average score is 10 of 26
Answer Stats
Letter Hint Answer % Correct
B Clef usually found in the lower staff of a piano score Bass
97%
V String instrument with music written in the alto clef viola
74%
X Percussion instrument consisting of wooden bars to be struck by mallet xylophone
69%
P Dynamic marking indicating a very soft passage pianissimo
66%
Q There are four notes of this kind in a bar in common time quarter notes
65%
U When two or more voices play the same note unison
61%
I Mode that is identical to a major scale Ionian
52%
F A type of contrapuntal piece often paired with a prelude fugue
50%
E Term for two identical notes that are spelled differently enharmonic equivalent
49%
R Italian term indicating flexibility in tempo rubato
42%
C Italian expression marking meaning "songlike" cantabile
37%
L Alternative term for the seventh scale degree Leading note
37%
A Italian term for a grace note that falls on the beat appoggiatura
36%
H General term for the "vertical" component of music harmony
36%
O Term for an interval of a fifth without any other chord notes open fifth
33%
M Musical texture that consists of a single unaccompanied line monophonic
31%
Y Singing that alternates between chest voice and falsetto yodeling
31%
D Second section of a piece in sonata-allegro form Development
28%
N Major chord built off of the flat-2 scale degree Neapolitan
24%
G Type of 6th chord that contains the scale degrees ♭6-1-♭3-♯4 German
21%
J This type of tuning is based entirely on pure intervals just tuning
19%
T Section often paired with a menuet or scherzo trio
18%
Z Genre of fast Cajun-American folk music Zydeco
10%
S Song form where the music remains the same each verse strophic
8%
W Brass instrument invented for operas often performed at Bayreuth Wagner tubas
7%
K German expression marking meaning "powerful" Kräftig
6%
No matching quizzes found
Score Distribution
Percent of People with Each Score
Percentile by Number Answered
Your Score History
You have not taken this quiz since the last reset